[Event "73rd RUS-ch Higher League 2020"]
[Site "Sochi"]
[Date "2020.10.12"]
[Round "5.12"]
[White "Paravyan, David"]
[Black "Gaifullin, Artur"]
[Result "1-0"]
[WhiteElo "2653"]
[BlackElo "2440"]
[Annotator "TA"]
[PlyCount "57"]
[EventDate "2020.10.08"]
[EventType "swiss"]
[EventCountry "RUS"]
[SourceTitle "playchess.com"]
[Source "ChessBase"]
[SourceQuality "1"]

{[%evp 10,57,20,20,43,9,18,31,39,41,49,48,48,42,58,54,53,41,50,31,92,61,52,55,69,18,22,35,38,38,89,41,198,190,175,195,199,102,219,196,755,764,651,729,755,741,718,732,689,665]} 1. c4 e6 2. Nc3 Nf6 3. e4 d5 4. cxd5 exd5 5. e5 Ne4 6. Nf3 ({Much worse is} 6. Nxe4 dxe4 7. Qa4+ Nc6 $15) 6... c6 {A18: English Opening: Flohr-Mikenas System (1 c4 Nf6 2 Nc3 e6 3 e4).} 7. d3 (7. Be2 {looks sharper.} Be7 8. d4 Bf5 9. O-O O-O 10. Bd3) 7... Nxc3 8. bxc3 Be7 {White is slightly better.} 9. d4 Bf5 10. Bd3 Bxd3 11. Qxd3 Na6 12. O-O {[#]} Nc7 $146 ({Predecessor:} 12... O-O 13. Be3 Nc7 14. Nd2 f5 15. exf6 Bxf6 16. Bf4 Nb5 17. a4 Nd6 18. Be5 Bxe5 19. dxe5 {½-½ (33) Reshko,A-Bonch Osmolovsky,M Kiev 1957}) 13. Rb1 Rb8 14. h4 h6 (14... Qd7 $14) 15. h5 O-O 16. Nh2 Qd7 17. Bd2 (17. f4 $14) 17... c5 $11 18. f4 $36 {[%mdl 2048] Hoping for f5. White is pushing.} f5 19. exf6 Rxf6 (19... Bxf6 $14 20. f5 cxd4) 20. f5 {Ng4 is the strong threat.} c4 $2 ({Better is} 20... Rbf8 $1 $14) 21. Qg3 $18 {Strongly threatening Ng4.} Bd6 22. Bf4 Bxf4 23. Rxf4 ({White should try} 23. Qxf4 $18 {Black must now prevent Ng4.} Ra6 24. Ng4) 23... Qd6 ({Don't go for} 23... Rxf5 $2 24. Rxf5 Qxf5 25. Rf1 $18) (23... Rbf8 $16 {might work better.}) 24. Ng4 Rf7 $2 (24... Ne8 25. Re1 (25. Nxf6+ Nxf6 26. Rf3 Qxg3 $16) 25... Rd8 26. Nxf6+ Nxf6) 25. f6 {White threatens Nxh6+ and mate.White is clearly winning.} Kh7 26. Ne5 {White wants to mate with Qg6+.} ({Not} 26. Nxh6 $2 Rxf6 27. Rbf1 (27. Nf5 $2 Rxf5 {[%mdl 64] Pin} 28. Rg4 Qxg3 $19) 27... Rxf4 $19) 26... Rxf6 27. Rxf6 Qxf6 {[#]} 28. Nd7 $1 {[%csl LRb8,LRc7,LRf6][%mdl 576] Double Attack, Discovered Attack} Qf5 {[#]} 29. Qg6+ $1 {[%mdl 512] Accuracy: White = 78%, Black = 58%.} 1-0

[Event "73rd RUS-ch Higher League 2020"]
[Site "Sochi"]
[Date "2020.10.12"]
[Round "5.13"]
[White "Riazantsev, Alexander"]
[Black "Saidov, Bilukhadzh"]
[Result "1-0"]
[WhiteElo "2638"]
[BlackElo "2259"]
[Annotator "TA"]
[PlyCount "79"]
[EventDate "2020.10.08"]
[EventType "swiss"]
[EventCountry "RUS"]
[SourceTitle "playchess.com"]
[Source "ChessBase"]
[SourceQuality "1"]

{[%evp 13,79,14,14,14,15,13,12,2,34,35,33,29,47,33,55,38,41,39,46,46,45,33,57,24,91,35,58,48,50,56,47,36,89,64,111,56,289,287,297,298,296,300,291,272,275,281,276,246,217,217,1432,1366,1579,494,484,475,483,461,447,300,355,364,628,612,29991,29953,6395,5313]} 1. d4 d5 2. c4 e6 3. Nc3 Nf6 4. cxd5 exd5 5. Bg5 Be7 6. e3 O-O 7. Bd3 Re8 8. Nge2 {D35: Queen's Gambit Declined: Exchange Variation.} c6 9. Qc2 h6 10. Bf4 {The position is equal.} Be6 11. h3 Nbd7 12. O-O {[#]} Nf8 $146 ({Predecessor:} 12... Nb6 13. Be5 Nfd7 14. Bg3 Bh4 15. Bh2 Nf8 16. Rad1 Rc8 17. f3 Qe7 18. Nf4 c5 {1-0 (45) Pedersen,N (2403)-Perena,C (2134) Olongapo City 2015}) 13. Rad1 Bd6 14. f3 Bxf4 15. Nxf4 Qd6 16. Qf2 Rad8 17. Bb1 Bc8 18. a3 Re7 (18... Qc7 $11) 19. Qd2 (19. Nfe2 $16) 19... Ne6 20. Nxe6 Bxe6 21. e4 dxe4 22. fxe4 Qg3 (22... Qc7 $14) 23. Rf3 $36 {[%mdl 2048] White has some pressure.} Qg5 24. Qc2 ({White should play} 24. Qf2 $16 {Black must now prevent Rg3.} h5 25. e5) 24... Red7 $2 {This move loses the game for Black.} (24... Nd7 $14) 25. e5 $18 Ne8 26. Ne4 Qg6 27. Qf2 {Strongly threatening Nc5.} Qh5 28. Bc2 {aiming for g4.} g5 29. Nc5 Bd5 30. g4 ({Weaker is} 30. Nxd7 Bxf3 31. Rd3 (31. Qxf3 Qxf3 32. gxf3 Rxd7 $11) (31. gxf3 Rxd7 32. Qg3 Nc7 $11) 31... Bd5 $16) 30... Qh4 31. Nxd7 Bxf3 $2 (31... Qxf2+ 32. Rxf2 Rxd7) 32. Qxf3 Rxd7 {[#]} 33. Bb3 (33. e6 $142 $1 {[%mdl 512]} fxe6 34. Rf1) 33... Re7 34. Rf1 Kh8 35. Kg2 h5 36. Rh1 Kg7 37. Qf5 Kf8 $2 (37... Rc7 38. Rf1 hxg4) 38. Rf1 {Qh7 would kill now.} Ng7 39. Qc8+ Ne8 {[#]} 40. Bxf7 $1 {[%mdl 512] Accuracy: White = 74%, Black = 57%.} 1-0

[Event "73rd RUS-ch Higher League 2020"]
[Site "Sochi"]
[Date "2020.10.12"]
[Round "5.15"]
[White "Pogosyan, Stefan"]
[Black "Rozum, Ivan"]
[Result "0-1"]
[WhiteElo "2442"]
[BlackElo "2566"]
[Annotator "TA"]
[PlyCount "80"]
[EventDate "2020.10.08"]
[EventType "swiss"]
[EventCountry "RUS"]
[SourceTitle "playchess.com"]
[Source "ChessBase"]
[SourceQuality "1"]

{[%evp 15,80,51,48,33,25,35,52,53,41,29,38,37,49,0,12,0,0,-51,-6,-20,0,-78,-82,-85,-78,-85,-83,-107,-123,-122,-98,-97,-88,-88,-88,-127,-143,-127,-124,-169,-134,-180,-143,-210,-218,-208,-197,-199,-175,-304,-343,-349,-346,-285,-216,-462,-454,-482,-413,-406,-408,-698,-685,-29977,-29978,-29998,-29999]} 1. d4 Nf6 2. c4 e6 3. Nc3 Bb4 4. Qc2 c5 5. dxc5 Bxc5 6. Nf3 Nc6 7. Bg5 h6 8. Bh4 Qa5 9. e3 {E38: Nimzo-Indian: Classical: 4...c5.} Bb4 10. Nd2 Bxc3 11. bxc3 {White is slightly better.} b6 12. Be2 Bb7 13. O-O Ne7 {[#]} 14. e4 $146 ({Predecessor:} 14. Rfd1 Nf5 15. Bxf6 gxf6 16. Bf3 Bxf3 17. Nxf3 Rc8 18. e4 Ne7 19. Qd2 Qa4 20. Qf4 {½-½ (47) Michaelsen,N (2285)-Reddmann,H (2295) Hamburg 1990}) 14... Ng6 15. Bg3 Qc5 16. Bd3 (16. a4 $11) 16... e5 17. Nb3 Qe7 18. f4 (18. Rfb1 $11) 18... Nh5 $17 {[%cal Rg6f4]} 19. f5 Nxg3 20. hxg3 Nf8 {[%cal Bg6f8,Bf8h7,Bh7f6][%mdl 32]} 21. c5 Nh7 22. Qf2 O-O 23. cxb6 axb6 24. Qxb6 Rfb8 25. Qc5 d6 {[%mdl 1024] Black has strong compensation.} 26. Qe3 Nf6 27. c4 Ra3 28. c5 d5 29. exd5 (29. Qc1 $17 {might work better.} Ra7 30. c6 dxe4 31. cxb7 exd3 32. Qc8+ Qf8 33. Qxf8+ Kxf8 34. Nc5) 29... Bxd5 $19 30. Bc2 Rba8 31. Qc3 Qb7 (31... Rxa2 32. Rxa2 Rxa2 33. Nc1 $17) 32. Qxe5 (32. Rf2 $142) 32... Bxg2 (32... Rxa2 33. Rxa2 Rxa2 34. Qc3 $19) 33. Rfe1 Bd5 ({Don't take} 33... Rxa2 34. Rxa2 Rxa2 35. Qc3 $19) 34. Qc3 R3a4 $40 {[%mdl 128] Black is out for blood.} ({Much less strong is} 34... Rxa2 35. Rxa2 Rxa2 36. Nd4 $19) 35. Bd3 $2 {[#]} (35. Nd2 {is a better defense.} Rxa2 36. Rxa2 Rxa2 37. Re3) 35... Qc7 $1 {[%mdl 512]} 36. Bf1 Rxa2 37. Rxa2 Rxa2 38. Nd2 {[#]} (38. Nd4 $142 Ne4 {[%mdl 64] Double Attack} 39. Nb5) 38... Rc2 $1 {[%mdl 512]} 39. Qe3 (39. Qxc2 Qxg3+) 39... Ng4 40. Qd4 Qxg3+ {[%mdl 64] Double Attack. White got outplayed after the opening. Accuracy: White = 53%, Black = 89%.} 0-1

[Event "73rd RUS-ch Higher League 2020"]
[Site "Sochi"]
[Date "2020.10.12"]
[Round "5.16"]
[White "Iljiushenok, Ilia"]
[Black "Samusenko, Maksim"]
[Result "1-0"]
[WhiteElo "2515"]
[BlackElo "2459"]
[Annotator "TA"]
[PlyCount "239"]
[EventDate "2020.10.08"]
[EventType "swiss"]
[EventCountry "RUS"]
[SourceTitle "playchess.com"]
[Source "ChessBase"]
[SourceQuality "1"]

{[%evp 14,239,64,27,63,54,70,76,102,97,96,87,95,80,87,85,84,62,56,54,47,45,101,20,101,98,110,93,115,55,169,179,177,162,182,191,183,185,279,243,254,206,247,250,278,284,252,206,228,211,210,214,207,209,196,166,156,137,164,157,153,160,189,154,170,157,136,123,176,0,125,0,0,0,107,0,117,116,168,173,173,173,174,176,239,225,334,415,407,391,406,399,360,340,340,339,292,0,340,340,334,334,334,327,319,319,340,239,227,226,201,189,319,0,0,0,0,0,0,0,0,0,0,0,0,0,0,0,0,0,0,0,0,0,0,0,0,0,0,0,0,0,0,0,0,0,0,0,0,0,0,0,0,0,0,0,0,0,0,0,0,0,0,0,0,0,0,0,0,0,0,0,0,0,0,0,0,0,0,0,0,0,0,0,0,0,0,0,0,0,0,0,0,0,0,0,0,0,0,0,0,0,0,0,0,0,0,0,0,0,0,0,0,0,0,0,0,0,0,0,27996,27996,27997,27997,27998,27998,27999,27999]} 1. d4 Nf6 2. c4 d6 3. Nc3 g6 4. e4 Bg7 5. Nf3 O-O 6. Be2 Bg4 7. Be3 Nfd7 8. Rc1 c5 {E91: King's Indian: Classical: 6 Be2, unusual replies including 6...c5 and 6...Bg4.} 9. d5 Bxf3 10. Bxf3 Na6 {[#] White is better.} 11. h4 $5 $146 {[%mdl 8] New and interesting.} ({Predecessor:} 11. O-O Nc7 12. Be2 Rb8 13. Qd2 a6 14. a4 Nb6 15. a5 Nd7 16. f4 b6 17. axb6 Rxb6 {1-0 (41) Kazhgaleyev,M (2561)-Sattarov,B (2340) Tashkent 2015}) 11... Nc7 12. h5 Re8 13. hxg6 fxg6 14. b3 e6 15. dxe6 Ne5 16. Be2 {f4 is the strong threat.} Nxe6 17. Qd2 Nf7 (17... Nc6 $14) 18. Bg4 (18. f4 $16) 18... Nd4 (18... Bxc3 $11 19. Rxc3 (19. Qxc3 Nd4 $11) 19... Neg5) 19. f4 $16 a6 20. Bf3 b5 21. cxb5 (21. Nd5 $16) 21... axb5 (21... Nxf3+ $14 22. gxf3 Bxc3 23. Rxc3 axb5) 22. Bxd4 $1 $18 Bxd4 23. Nxb5 Bg7 24. a4 Kh8 25. g3 Qb6 (25... g5 $142 26. Kf2 Rf8) 26. Qd5 Rf8 27. Rc4 Ra6 28. O-O Qd8 29. Rc2 Qe7 30. Bg4 Rb6 31. Re2 Nh6 32. Bh3 Nf7 33. Qe6 Qb7 34. Rd1 g5 35. Qd5 Qe7 {intending ...gxf4.} 36. Rf1 $1 gxf4 37. gxf4 Qh4 38. Rh2 Qg3+ 39. Kh1 Nh6 40. Nxd6 Rxf4 41. e5 $2 (41. Rg1 $1 $18 {[%cal Rg1g3]} Qf3+ 42. Bg2 Qxb3 43. Qg5 {[%mdl 64] Double Attack} (43. Qxc5 $2 Ng4 $19) 43... Rxd6 44. Qxf4) 41... Rxf1+ $11 (41... Ng4 $5 42. Qa8+ $8 Bf8 43. Qxf8+ Rxf8 44. Rxf8+ Kg7 $1 {[%mdl 512]} 45. Nf5+ Kxf8 46. Nxg3 Nxh2 47. Kxh2 Rxb3 $11) 42. Bxf1 Qf4 $1 {[%cal Rf4f1]} 43. Bd3 Rb4 (43... Qc1+ $11 44. Kg2 Qd2+ 45. Kf3 Qd1+ {[%mdl 64] Double Attack} 46. Kg2 Qd2+ 47. Kh1 Qd1+ 48. Kg2 Qd2+) 44. Bc4 ({Better is} 44. Qa8+ $16 Bf8 45. Nf7+ {[%mdl 64] Deflection} Qxf7 46. Rxh6) 44... Rb8 (44... Rxc4 $11 {remains equal.} 45. Qxc4 Qf3+ 46. Kg1 Bxe5 {[%mdl 64] Double Attack} 47. Rxh6 Bd4+ 48. Kh2 Qf4+ 49. Kg2 Qg4+ 50. Kh2 Qf4+ 51. Kg2 Qg4+ 52. Kh2 Qf4+) 45. Qd2 $40 {[%mdl 128] White wants a kill.} Bxe5 (45... Qf3+ $16 46. Qg2 Qd1+ 47. Qf1 Qxf1+ 48. Bxf1 Ng4) 46. Qxf4 $18 Bxf4 47. Rh4 Bxd6 48. Rxh6 {[%mdl 4096] Endgame KRB-KRB} Bc7 (48... Rd8 {was necessary.} 49. a5 Kg7) 49. Ra6 $1 Bd8 (49... Be5 {was worth a try.} 50. a5 Rc8) 50. a5 {[%cal Ba4a5,Ba5a6][%mdl 32]} Kg7 51. Ra7+ Kf6 52. a6 Ke5 53. Rd7 Bb6 54. Rd5+ (54. Rxh7 Kd6 $18) 54... Kf4 55. Rd7 $2 (55. Rd6 $18 {Threatens to win with Rxb6!} Ba7 56. Rd7) 55... Ra8 $2 {[%mdl 8192]} (55... Ke5 $1 $11 {and Black has nothing to worry.}) 56. Rb7 ({Not} 56. Rxh7 Ra7 $16) 56... Ba7 57. Bd5 {aiming for Rf7+.} ({Resist} 57. Rxh7 $6 Ke5 $18) 57... Ke5 58. Bg2 Bb8 59. Re7+ {[%mdl 64] Discovered Attack} Kd6 60. Re8 ({Stronger than} 60. Bxa8 Kxe7 61. Bd5 Kd6 $11) 60... Rxa6 61. Rxb8 {KRB-KR} Ra1+ 62. Kh2 Rb1 (62... Rc1 $142 63. Be4 Rc3) 63. Rb7 $2 (63. Rb6+ $18 Ke5 64. Bb7) 63... Rc1 $1 $11 64. Rb5 Ke5 65. Rb8 c4 66. b4 Rb1 67. b5 c3 {Strongly threatening ...c2.} 68. Rc8 Kd4 69. Rd8+ Kc5 70. Rc8+ Kd4 71. Rd8+ Kc5 72. Kg3 Rxb5 73. Be4 Kb4 74. Kf3 Rc5 75. Bc2 Re5 76. Rb8+ Rb5 77. Ra8 Ra5 78. Rb8+ Rb5 79. Rc8 Rc5 80. Re8 Rd5 81. Ke3 Rb5 82. Kd4 Rb6 83. Rd8 h5 84. Kd3 Rf6 (84... Kc5 {keeps more tension.} 85. Rc8+ Kb5 86. Re8 Rd6+ 87. Ke3 Kb4) 85. Rb8+ Kc5 86. Kxc3 Rh6 87. Be4 Ra6 88. Rc8+ Kd6 89. Rh8 {Black must now prevent Rh6+.} Ra5 90. Rh6+ Ke7 91. Kd4 Rg5 92. Ke3 Kf7 93. Kf4 Ra5 (93... Rg4+ {keeps more tension.}) 94. Bf5 Kg7 $2 {[%mdl 8192]} (94... Ke7 $11) 95. Rxh5 $2 {[%mdl 8192]} (95. Rg6+ $11 Kf7 96. Rg5) 95... Ra1 $2 {[%mdl 8192]} (95... Ra4+ $11 96. Kg5 Ra6) 96. Be4 Ra4 $2 {[%mdl 8192]} (96... Rf1+ $11 97. Ke5 Re1) 97. Ke5 Ra5+ 98. Bd5 Rb5 $2 {[%mdl 8192]} (98... Kg6 $11) 99. Rg5+ Kh6 100. Kf6 Rb6+ 101. Kf5 Rb5 $2 {[%mdl 8192]} (101... Ra6 $11) 102. Rg6+ Kh5 $2 {[%mdl 8192]} (102... Kh7 $11) 103. Rd6 Rb8 $1 104. Be6 (104. Bf3+ {is more complex.}) 104... Rf8+ $2 {[%mdl 8192]} (104... Rb7 $11) 105. Ke5 Rf1 $2 {[%mdl 8192]} (105... Kg5 $11) 106. Bf5 Rg1 $2 {[%mdl 8192]} (106... Re1+ $11 107. Kf6 Kh4) 107. Rd8 (107. Kf6 {with more complications.}) 107... Kh4 $2 {[%mdl 8192]} (107... Re1+ $11 108. Kf6 Kh4) 108. Rh8+ Kg3 109. Rh3+ Kg2 110. Ra3 Rc1 $2 {[%mdl 8192]} (110... Re1+ $11 111. Be4+ Kf2) 111. Be4+ Kf2 $2 {[%mdl 8192]} (111... Kg1 $11) 112. Kf4 Re1 $2 {[%mdl 8192]} (112... Rc4 $11) 113. Bd3 Re8 $2 {[%mdl 8192]} (113... Rd1 $11) 114. Ra2+ Ke1 115. Be4 Kd1 $2 {[%mdl 8192]} (115... Rc8 $11) 116. Ke3 {[%cal Ra2a1]} Kc1 $2 {[%mdl 8192] [#]} (116... Rc8 $11) 117. Rc2+ $1 {White mates.} Kd1 118. Rc5 Re7 119. Rh5 {[%cal Rh5h1]} Kc1 {[#]} 120. Rb5 $1 {Accuracy: White = 89%, Black = 65%.} 1-0

[Event "73rd RUS-ch Higher League 2020"]
[Site "Sochi"]
[Date "2020.10.12"]
[Round "5.17"]
[White "Shuvalova, Polina"]
[Black "Lobanov, Sergei"]
[Result "0-1"]
[WhiteElo "2441"]
[BlackElo "2510"]
[Annotator "TA"]
[PlyCount "136"]
[EventDate "2020.10.08"]
[EventType "swiss"]
[EventCountry "RUS"]
[SourceTitle "playchess.com"]
[Source "ChessBase"]
[SourceQuality "1"]

{[%evp 11,136,11,11,11,12,18,18,10,18,9,35,36,41,39,45,48,41,37,38,37,31,35,31,0,0,9,28,7,16,0,95,99,103,102,85,39,119,60,63,15,11,10,100,46,101,39,43,43,44,53,35,25,58,14,17,13,32,0,0,0,0,0,0,0,0,0,0,0,0,0,0,-10,0,-9,-10,-8,-10,-12,-6,-9,-12,-38,-11,-83,-6,-41,-53,-50,-52,-38,-52,-35,-34,-48,0,0,0,0,0,-97,-103,-106,-105,-105,0,0,0,0,0,0,0,-116,0,-268,-254,-271,-279,-397,-402,-309,-307,-12846,-12847,-12847,-12847,-12848,-12848]} 1. e4 c6 2. d4 d5 3. exd5 cxd5 4. Bd3 Nc6 5. c3 Qc7 6. Ne2 Bg4 7. O-O {B13: Caro-Kann: Exchange Variation and Panov-Botvinnik Attack.} e6 8. Qe1 Be7 {8...Nf6 is the modern continuation.} 9. h3 {[#] The position is equal.} Bh5 $146 ({Predecessor:} 9... Bf5 10. Bxf5 exf5 11. Bf4 Qd7 12. Be5 f6 13. Bh2 g5 14. Nd2 f4 15. Qd1 h5 {0-1 (27) Wiewiora,E (2346)-Andreikin,D (2726) chess.com INT 2020}) 10. Nf4 Bg6 11. Nxg6 hxg6 12. Nd2 {[%cal Bb1d2,Bd2f3,Bf3g5][%mdl 32]} Nf6 13. Nf3 Bd6 14. Ng5 Bh2+ 15. Kh1 {Black must now prevent f4.} Bf4 16. Bxf4 Qxf4 17. Qe3 Qxe3 18. fxe3 Ke7 19. g4 Raf8 20. Kg2 Nd7 (20... e5 $11 {keeps the balance.}) 21. e4 $16 dxe4 22. Bxe4 Nd8 23. c4 Kd6 (23... f6 $14 24. Nf3 f5) 24. c5+ (24. Bxb7 $16 f6 25. Ne4+ Kc7 26. Ba6) 24... Kc7 $14 25. b4 f6 $1 {[%cal Rf6g5]} 26. Nf3 g5 (26... f5 $11 {remains equal.} 27. Bc2 Nf6) 27. b5 ({White should try} 27. Rae1 $16) 27... e5 (27... f5 $14) 28. c6 (28. Bf5 $16) 28... bxc6 29. bxc6 Nb6 $1 30. dxe5 Ne6 $1 31. Kg3 Nf4 32. Rh1 Na4 33. Rae1 Nc3 $1 34. exf6 gxf6 35. Bf5 Re8 36. Rxe8 Rxe8 37. h4 gxh4+ 38. Rxh4 Nfe2+ 39. Kf2 Nd1+ 40. Ke1 Nec3+ 41. Kf1 Kxc6 42. Rh7 $132 {[%mdl 2048] aiming for Bd7+. White is not keeping still} Ne3+ 43. Kg1 $1 {Hoping for Bd7+.} Nxf5 44. gxf5 $11 {[%mdl 4096] Endgame KRN-KRN} a5 {With the idea ...Re3.} 45. Rf7 Ne4 46. a4 Rg8+ 47. Kh2 (47. Kf1 $11) 47... Kc5 (47... Rd8 $17) 48. Rb7 Nd6 49. Ra7 Kb4 50. Nd4 Kxa4 51. Nc6 Nc4 52. Rf7 Rh8+ 53. Kg3 Rh6 54. Rg7 Rh5 55. Kg4 (55. Rg4 $1 $11) 55... Rh8 $1 $17 56. Rg6 Rf8 57. Kf4 Ka3 (57... Nb6 $17 {And now ...Kb5 would win.} 58. Ke4 Kb5 59. Nd4+ Kc4) 58. Ke4 $11 a4 59. Rg3+ Kb2 {Strongly threatening ...Re8+.} 60. Kd5 Nd2 61. Ke6 (61. Rg2 $11) 61... a3 ({Better is} 61... Re8+ $17 62. Kf7 Rc8) 62. Nb4 $2 {[%mdl 8192]} (62. Rg2 $11) 62... Re8+ 63. Kf7 Re4 $1 {[%cal Re4b4]} ({Stronger than} 63... a2 64. Nxa2 Rd8 65. Nc3 $11) 64. Rg2 {[#]} (64. Nd3+ $142 Kc2 65. Nc1) 64... Rd4 $1 $19 ({Inferior is} 64... Rxb4 65. Rxd2+ Kc3 66. Ra2 $11) 65. Kxf6 {[#]} Kb3 $1 {[%cal Rb3b4]} ({And not} 65... Rxb4 66. Rxd2+ Kb1 67. Kg6 $11) 66. Ke5 $2 (66. Ke6 Kxb4 67. f6) 66... Nf3+ {Black is clearly winning.} 67. Ke6 Rxb4 68. f6 a2 {Accuracy: White = 68%, Black = 81%.} 0-1

[Event "73rd RUS-ch Higher League 2020"]
[Site "Sochi"]
[Date "2020.10.12"]
[Round "5.18"]
[White "Ovchinnikov, Vsevolod"]
[Black "Zabotin, Alexander"]
[Result "1/2-1/2"]
[WhiteElo "2349"]
[BlackElo "2486"]
[Annotator "TA"]
[PlyCount "85"]
[EventDate "2020.10.08"]
[EventType "swiss"]
[EventCountry "RUS"]
[SourceTitle "playchess.com"]
[Source "ChessBase"]
[SourceQuality "1"]

{[%evp 10,85,35,31,40,41,36,27,27,32,33,41,41,41,49,44,63,4,1,0,0,-31,0,-38,-13,-49,-35,-50,-37,-50,-46,-50,-48,-50,-41,-56,-52,-49,-51,-61,-60,-55,-34,-52,-36,-406,-399,-386,-379,-364,-196,-214,0,0,10,9,9,5,9,10,22,0,0,0,0,0,0,0,0,0,0,0,0,0,0,0,0,0]} 1. d4 d5 2. c4 Nc6 3. Nf3 Bg4 4. Nc3 e6 5. e3 Nf6 6. h3 Bxf3 {D07: Queen's Gambit: Chigorin Defence.} 7. Qxf3 Bb4 8. Bd2 O-O {White has an edge.} 9. cxd5 exd5 10. Bd3 Re8 {Black wants to play ...Nxd4.} 11. O-O a6 {[#]} 12. Rfd1 $146 ({Predecessor:} 12. Rac1 Ne7 13. Qd1 Bxc3 14. Bxc3 c6 15. Be1 Ng6 16. Rc2 Qd7 17. Re2 Ne4 18. f3 {1-0 (39) Oll,L (2615)-Boey,J (2305) Antwerp 1994}) 12... Ne7 13. Ne2 (13. a3 $14 Bxc3 14. bxc3 (14. Bxc3 c6 $14)) 13... Bd6 $11 14. Nf4 Ng6 15. g3 ({Wrong is} 15. Nxd5 $2 Nxd5 16. g3 c6 $19) 15... c6 16. Qg2 Ne4 17. Be1 Nxf4 18. exf4 Qb6 19. f3 Nf6 20. Kh2 Re3 21. Bf2 Re7 22. Rd2 Rae8 23. Rc2 Nh5 24. Rg1 g6 25. Qf1 f5 26. Kh1 Qa5 27. g4 $2 {[%mdl 8192] [#]} (27. a3 $15) 27... fxg4 $19 28. fxg4 Nxf4 {Strongly threatening ...Re3!} 29. Bg3 Rf8 (29... g5 $142 {And now ...Re3 would win.} 30. Rc3 Qxa2 31. Bxf4 Bxf4) 30. Rf2 {[%cal Rg3f4]} Ref7 $2 {[#]} ({Black should play} 30... g5 $19 {aiming for ...Qb4.} 31. h4 h6 32. hxg5 hxg5) 31. Bf5 $1 $11 {[%mdl 512] The position is equal.} gxf5 32. Bxf4 Bxf4 33. Rxf4 {[%cal Rg4f5]} Qd8 (33... Qxa2 34. gxf5+ Kh8 35. Qg2 $18) 34. gxf5+ Kh8 35. Qg2 Rg8 36. Rg4 Rxg4 37. Qxg4 {[%mdl 4096] Endgame KQR-KQR} Qf8 38. Rf1 Qe7 39. f6 Rxf6 40. Rxf6 Qxf6 41. Qc8+ Kg7 42. Qxb7+ Kg6 43. Qxa6 {Accuracy: White = 73%, Black = 88%.} 1/2-1/2

[Event "73rd RUS-ch Higher League 2020"]
[Site "Sochi"]
[Date "2020.10.12"]
[Round "5.19"]
[White "Lugovskoy, Maxim"]
[Black "Yuffa, Daniil"]
[Result "1/2-1/2"]
[WhiteElo "2420"]
[BlackElo "2583"]
[Annotator "TA"]
[PlyCount "91"]
[EventDate "2020.10.08"]
[EventType "swiss"]
[EventCountry "RUS"]
[SourceTitle "playchess.com"]
[Source "ChessBase"]
[SourceQuality "1"]

{[%evp 14,91,16,7,5,-19,-22,-18,-10,-27,19,0,0,0,0,0,0,0,0,0,0,-6,0,-46,-40,-206,-55,-62,-62,-113,0,5,6,30,31,-37,-35,-41,-42,-48,-14,-15,0,0,0,0,0,0,0,0,0,0,0,-4,0,-18,-18,-18,-20,-30,0,0,0,0,0,0,0,0,0,0,0,0,0,0,0,0,0,0,0,0]} 1. e4 c6 2. Nc3 d5 3. Nf3 Bg4 4. d4 e6 5. h3 Bxf3 6. Qxf3 Nf6 7. Bd3 dxe4 8. Nxe4 Qxd4 $1 {[%mdl 4] now scores much better than the old 8...Nxe4. B11: Caro-Kann: Two Knights Variation.} 9. Be3 Bb4+ 10. Ke2 Qd8 11. Qg3 {[#]} Bf8 $146 ({Predecessor:} 11... Nh5 12. Qf3 {½-½ (14) Gholami,A (2434)-Stefanov,E (2455) Innsbruck 2017}) 12. Rhd1 Nbd7 13. Nxf6+ Nxf6 14. c4 h5 15. Kf1 h4 16. Qf3 Qc7 17. a3 Bd6 18. Rd2 O-O-O 19. Bxa7 $2 {[#]} (19. b4 $15) 19... Bf4 $2 (19... c5 $1 $19 {And now ...Qa5 would win.} 20. Rad1 Qa5) 20. Rdd1 g5 21. a4 (21. c5 $15 Rd4 22. Bb6) 21... Qa5 (21... b6 $17 {Hoping for ...c5.} 22. a5 Qxa7 23. Qxc6+ Qc7 24. Qxb6 Qxb6 25. axb6 Nd7 26. Ra8+ Kb7 27. Rxd8 Rxd8) 22. Be3 $11 Bxe3 23. Qxe3 Nd7 24. Rab1 (24. Be2 $14) 24... Qe5 25. b4 Qxe3 26. fxe3 Ne5 27. Be2 Rxd1+ 28. Rxd1 {[%mdl 4096] Endgame KRB-KRN} b6 29. a5 Kb7 30. axb6 Kxb6 31. Ra1 Rd8 32. Ra5 f6 33. c5+ Kb7 $1 34. Ra6 Rd2 35. Rb6+ Kc7 36. Ra6 f5 37. b5 {The position is equal.} Rc2 38. b6+ Kb8 39. Ra7 Rxc5 40. Ba6 {[#] Rg7 would kill now.} Ra5 41. Rb7+ Kc8 (41... Ka8 $5 42. Ra7+ $8 Kb8 $11) 42. Ra7+ Kb8 43. Rb7+ Kc8 (43... Ka8 $5 44. Ra7+ $8 Kb8 $11) 44. Ra7+ Kb8 45. Rb7+ Kc8 (45... Ka8 $5 46. Ra7+ $8 Kb8 $11) 46. Ra7+ {Accuracy: White = 83%, Black = 81%.} 1/2-1/2